[Event "Linares 12th"]
[Site "Linares"]
[Date "1994.??.??"]
[Round "13"]
[White "Kasparov, Garry"]
[Black "Lautier, Joel"]
[Result "0-1"]
[WhiteElo "2805"]
[BlackElo "2625"]
[Annotator "Lautier,J"]
[PlyCount "58"]
[EventDate "1994.02.??"]
[EventType "tourn"]
[EventRounds "13"]
[EventCountry "ESP"]
[EventCategory "18"]
[SourceTitle "CBM 040"]
[Source "ChessBase"]
[SourceDate "1994.06.01"]
[SourceVersion "1"]
[SourceVersionDate "1994.06.01"]
[SourceQuality "1"]

1. e4 {Ftacnik Blatny,P} e5 2. Nf3 Nc6 3. Bc4 Bc5 4. c3 Nf6 5. d3 d6 6. Bb3 h6
7. h3 a6 8. Nbd2 Be6 9. Bc2 $6 (9. Bxe6 fxe6 10. Qb3 Qc8 $10) (9. Nc4 O-O {
/\ d5} 10. O-O {/\ d4} (10. g4 $2 d5 $17) 10... Ba7 11. a4 Re8 $13) 9... Ba7 {
/\ d5} (9... d5 $2 10. Nxe5 $1 Nxe5 (10... Bxf2+ 11. Kxf2 Nxe5 12. d4 $16) 11.
d4 Bd6 (11... Bxd4 12. cxd4 Nc6 13. e5 $16) 12. dxe5 Bxe5 13. Nf3 $16) 10. Qe2
Qe7 {/\ d5} 11. b4 $1 (11. Nf1 {Blatny,P} d5 12. Ng3 (12. g4 $5 dxe4 13. dxe4
b5 $15) 12... dxe4 13. dxe4 Rd8 $10) 11... d5 12. a4 (12. Ba4 {Blatny,P} b5 13.
Bb3 d4 14. Bb2 dxc3 15. Bxc3 {= קb4:קe5}) 12... b5 $1 (12... d4 $2 13. b5 (
13. Bb2 dxc3 14. Bxc3 Nxb4 $17) 13... dxc3 (13... axb5 14. axb5 dxc3 (14... Nd8
15. cxd4 exd4 16. Nxd4 $18) 15. bxc6 cxd2+ (15... bxc6 {Blatny,P} 16. Nb3 Bxb3
17. Rxa7 (17. Bxb3 Bxf2+ 18. Kxf2 Rxa1 $132) 17... Rxa7 18. Bxb3 O-O 19. Qc2
$13) 16. Bxd2 bxc6 17. Be3 $16 (17. Bc3 Nd7 18. Qe3 $1 c5 (18... Bxe3 19. Rxa8+
Qd8 (19... Nb8 20. Rxb8+ Kd7 21. Nxe5+ Kd6 22. Rxh8 $18) 20. Rxd8+ Kxd8 21.
fxe3 $18) 19. Ba4 O-O 20. Bc6 Rab8 21. Nxe5 $16)) 14. bxc6 cxd2+ 15. Qxd2 $1
bxc6 16. Bb2 $16) (12... dxe4 $6 13. dxe4 O-O 14. O-O $14 {/\ Nb3, Be3}) (12...
O-O 13. b5 $5 (13. O-O b5 {See the game} (13... d4 $2 14. b5 $16)) 13... axb5
14. axb5 Bxf2+ (14... Nb8 $2 {/\ Bf2} 15. b6 $1 cxb6 16. Ba3 (16. Nxe5 $2 Qc7
$17) 16... Qc7 17. Bxf8 Qxc3 18. O-O $18) 15. Kxf2 Rxa1 16. bxc6 bxc6 {/\ Qc5}
(16... Qc5+ 17. d4 Qxc3 (17... exd4 $4 18. Nb3 $16) 18. Qd3 $1 $13 (18. Nb3 $2
Ra2 $19)) 17. d4 $1 $13 (17. Nb3 $2 Ra2 $17 {/\ de4})) 13. O-O (13. axb5 $2
axb5 {/\ Bf2} 14. d4 $2 exd4 15. Qxb5 Bd7 $19) 13... O-O 14. axb5 axb5 15. d4
$2 (15. Bb2 $10 {/\} d4 $6 16. Bb3 $1 dxc3 17. Bxc3 Nd4 18. Bxd4 Bxd4 19. Nxd4
exd4 20. Bxe6 fxe6 21. Nf3 $1 Qxb4 (21... Rxa1 22. Rxa1 Qxb4 23. Qa2 $1 $44)
22. Rab1 $14 {/\ Qb2}) (15. exd5 {Blatny,P} Nxd5 16. Bb2 Nf4 17. Qe4 Bd5 $36)
15... exd4 (15... dxe4 $2 16. Nxe5 $16) 16. e5 (16. Qxb5 $2 Bd7 $17 (16... dxc3
{Blatny,P} 17. Qxc6 cxd2 (17... Bxf2+ 18. Kxf2 Rxa1 19. Qxc3 $14 (19. Qxc3 Rfa8
$14)) 18. Bxd2 dxe4 19. Bxe4 {Ftacnik} Bd7 (19... Bxh3 $2 20. Qxa8 Rxa8 21.
Bxa8 $18) 20. Qxa8 (20. Qxc7 Bxf2+ 21. Kxf2 Nxe4+ 22. Kg1 Nxd2 23. Nxd2 Qe3+
$19) 20... Rxa8 21. Bxa8 Bb6 22. Rfe1 $13)) (16. cxd4 {Blatny,P} dxe4 17. Nxe4
Nxb4 18. Ba3 c5 (18... Bc4 19. Bxb4 Qxb4 20. Nxf6+ gxf6 21. Qe4 $18) (18...
Nxe4 19. Qxe4 f5 20. Bxb4 fxe4 21. Bxe7 exf3 22. Bxf8 $18) 19. Bxb4 cxb4 20.
Qxb5 Nxe4 21. Bxe4 Rad8 $15) (16. exd5 {Blatny,P} Nxd5 17. Qxb5 dxc3 18. Qxc6
Bxf2+ {/\צa1}) 16... dxc3 $5 (16... Nd7 $6 17. cxd4 (17. Qd3 {Blatny,P} g6 18.
cxd4 Nxb4 19. Ba3 Nxd3 (19... c6 {Ftacnik} 20. Qb3 c5 21. Bxb4 cxb4 22. Rfb1
$14) 20. Bxe7 Rfe8 21. Bxd3 Rxe7 22. Bxb5 $14) 17... Nxb4 (17... Bxd4 $4 18.
Qd3 $18) 18. Ba3 c5 (18... Bb6 {/\ Ra3} 19. Bb1 $44) 19. Bb1 $5 $44 (19. Bxb4
cxb4 20. Qxb5 Rfb8 21. Qd3 g6 $13)) (16... Bd7 $1 {(Kasparov)} 17. cxd4 (17.
Re1 dxc3 $1 18. exf6 (18. Qd3 cxd2 19. exf6 dxe1=Q+ 20. Nxe1 Qxe1+ 21. Kh2 g6
$19) (18. Nb3 Ne4 19. Bxe4 dxe4 20. Qxe4 Qxb4 $19) 18... Qxe2 19. Rxe2 cxd2 $19
{/\ Bf2}) 17... Bxd4 $1 (17... Nxd4 $2 18. Nxd4 (18. Qd3 $2 Bf5 19. exf6 Qxf6
$19) 18... Bxd4 19. Rxa8 Rxa8 20. Nf3 Bc3 (20... Bb6 $2 21. Qd3 Ne4 22. Qxd5
$18) 21. Qd3 Bxe5 22. Re1 Ra1 23. Qd2 $1 Rxc1 24. Qxc1 Ne4 25. Qd1 $16) 18.
Rxa8 (18. Qd3 Bxe5 $19 (18... Rxa1 $4 19. exf6 $18)) 18... Rxa8 19. Nxd4 Nxd4
20. Qd3 Qxe5 21. f4 Ne2+ $19) 17. exf6 Qxf6 18. Nb3 (18. Qd3 {Blatny,P} Rfd8
19. Nb3 Nxb4 20. Qh7+ Kf8 $19) (18. Qxb5 {Blatny,P} cxd2 19. Bxd2 Ne5 {Ftacnik}
20. Ne1 (20. Nxe5 Bxf2+ $1 $19) 20... Nc4 21. Rd1 Rfc8 $17) 18... Nxb4 19. Bb1
(19. Be3 Bxe3 (19... d4 $6 20. Bxd4 Bxd4 21. Rxa8 Rxa8 22. Nbxd4 $13 {/\} Bc4
$6 23. Qe4 $40) 20. fxe3 Nxc2 21. Qxc2 b4 22. Nfd4 Qg5 $17) (19. Ba3 {Blatny,P}
Nxc2 20. Qxc2 Rfd8 $19 (20... Rfd8 {Ftacnik} 21. Bb4 d4 $17)) (19. Bd1 {
Blatny,P} Rfb8 {P->}) 19... d4 $1 (19... c5 $2 20. Ba3 d4 21. Bxb4 (21. Nbxd4
$2 Bc4 22. Qe4 c2 23. Bxc2 (23. Nxc2 $2 Bd3 $19) 23... Nxc2 24. Nxc2 Bxf1 25.
Rxf1 $17) 21... Bxb3 (21... cxb4 $2 22. Nbxd4 $1 Bxd4 23. Qe4) 22. Rxa7 Rxa7
23. Bxc5 $14) 20. Rxa7 $6 (20. Nbxd4 $2 Bxd4 21. Qe4 (21. Rxa8 Rxa8 22. Qe4 Rd8
$19) 21... Bf5 $1 (21... c2 $2 22. Rxa8 $1 (22. Nxd4 $2 Rxa1 $19) (22. Bxc2 $2
Bf5 23. Qxa8 Bxa1 $1 $19) 22... Bd5 (22... Bf5 $2 23. Rxf8+ Kxf8 24. Qa8+ $18)
23. Rxf8+ Kxf8 24. Qh7 $1 cxb1=Q 25. Qxb1 $16) 22. Qxa8 (22. Qxf5 c2 $1 23.
Bxc2 Qxf5 24. Bxf5 Bxa1 $19) 22... c2 $1 23. Bxc2 Bxa1 $1 $19) (20. Qe4 $2 c2 (
20... d3 21. Qxb4 c2 22. Bxc2 dxc2 23. Ba3 $17) 21. Bxc2 Nxc2 (21... d3 22.
Bxd3 Nxd3 23. Rxa7 Rxa7 24. Qxd3 Bc4 {Ftacnik} 25. Qe3 Ra6 $17) 22. Qxc2 d3 (
22... Bc4 {Blatny,P} 23. Ba3 c5 $19) 23. Qxd3 (23. Qxc7 Bb8 (23... Rfc8 $40) (
23... Bxf2+ $5) 24. Qc5 $1) 23... Bc4 $1 (23... Bxb3 24. Rxa7 $15) 24. Qc2 (24.
Qb1 Bxf1 25. Kxf1 c5 $17) 24... Bxb3 $19) (20. Ba3 $1 d3 21. Bxd3 (21. Qe4 Bxb3
22. Bxb4 Bxf2+ $1 (22... c2 $6 23. Rxa7 $1 Rxa7 24. Bxf8 cxb1=Q 25. Rxb1 Bc2
26. Bc5 $1 $14 (26. Rxb5 $2 Ra1+ 27. Kh2 d2 28. Qe8 Qf4+ $1 (28... d1=Q $4 29.
Be7+ Kh7 30. Bxf6 $18) 29. g3 Qxf3 30. Bxg7+ Kxg7 31. Qe5+ Kh7 $19)) 23. Kxf2
Rxa1 24. Bxd3 (24. Bxf8 $2 c2 25. Qxd3 cxb1=Q 26. Rxb1 Bc4 $19) 24... Qb6+ 25.
Kg3 f5 26. Qe7 Qg6+ 27. Kh2 Re8 $17) 21... Nxd3 22. Bxf8 (22. Qxd3 $2 Rfd8 (
22... Bxb3 $6 23. Bxf8 Bc4 24. Qe4 Rxf8 25. Rxa7 Bxf1 26. Kxf1 $13) 23. Qc2 (
23. Qe4 Bxb3 24. Be7 Qb6 25. Bxd8 Rxd8 $19) 23... Bf5 24. Qc1 Bxh3 25. Bb4 Bxg2
26. Kxg2 Rd3 $1 27. Nbd4 (27. Nh2 Qg6+ 28. Kh1 Qe4+ 29. f3 Qxb4 $19) 27... Qg6+
28. Kh1 c5 $1 29. Bxc5 Qh5+ $19) 22... Nf4 $1 (22... Bxf2+ 23. Rxf2 Rxa1+ 24.
Nxa1 Nxf2 25. Bb4 $5 (25. Kxf2 Kxf8 26. Qxb5 $13) 25... Nxh3+ 26. gxh3 Bxh3 $13
) 23. Qxb5 Nxh3+ $1 24. Kh1 (24. gxh3 $2 Qxf3 $19 {/\ Bd5}) 24... Nxf2+ 25.
Rxf2 Rb8 26. Qe2 Bxf2 27. Qxf2 c2 $1 28. Rc1 Bxb3 29. Bc5 $15) (20. Qxb5 {
Blatny,P} Bxb3 (20... Rab8 21. Qe5 Qxe5 22. Nxe5 c2 23. Bxc2 Nxc2 24. Rxa7 Rxb3
25. Rxc7 Rc8 $17) 21. Qxb4 Bc5 22. Qxc5 Rxa1 23. Ba3 (23. Bh7+ Kxh7 24. Qxf8 d3
$19 25. Be3 (25. Qc5 Rxc1 26. Rxc1 d2 $19)) 23... Rd8 24. Bh7+ Kxh7 25. Rxa1 d3
{Ftacnik} 26. Qb4 Bc2 27. Qe4+ Qg6 28. Qe7 Ra8 $19) 20... c2 $6 (20... Rxa7 $1
21. Nbxd4 (21. Nfxd4 $2 Bc4 22. Qe4 Qg6 $1 23. Nf5 c5 $1 24. Nxc5 Bd5 25. Qg4
Qxg4 26. hxg4 c2 $19) 21... Ra1 $1 (21... Bc4 $6 22. Qe4 g6 (22... Qg6 $2 23.
Nf5 $1 {/\ Ne7} c5 24. Ne5 $40) (22... c2 {Ftacnik} 23. Nxc2 Nxc2 24. Bxc2 $14)
23. Ne5 $1 {(Kasparov)} Bxf1 24. Ng4 $40) 22. Qe4 Qg6 $1 (22... c2 23. Bxc2
Nxc2 24. Qxc2 Bc4 25. Re1 $13) 23. Qxg6 fxg6 24. Nxe6 (24. Bxg6 $2 Bc4 25. Re1
c5 26. Nf5 (26. Nc2 Nxc2 27. Bxc2 b4 28. Ne5 Re8 $19) 26... Rd8 $19 {/\ Nd3})
24... Rxf3 $1 (24... Rxb1 25. Nxf8 Kxf8 26. Ba3 $13) 25. Be4 (25. gxf3 Rxb1 26.
Nd4 (26. Nxc7 Nd3 27. Be3 c2 $19) 26... c5 27. Nxb5 Nd3 28. Nxc3 Rxc1 29. Rxc1
Nxc1 $19) 25... Rf7 26. Nd4 Rd7 $17) 21. Rxa8 $1 $8 (21. Bxc2 $2 Rxa7 22. Nbxd4
(22. Qe4 Nxc2 23. Qxc2 Bc4 24. Rd1 d3 $19) 22... Bc4 23. Qe4 (23. Qd2 {Blatny,P
} c5 24. Nb3 Ra2 $19) 23... Nxc2 24. Qxc2 c5 $19 (24... Bxf1 $19 {Ftacnik}))
21... cxb1=Q 22. Rxf8+ Kxf8 23. Qxb5 $4 (23. Nc5 $6 Qbg6 $1 (23... Qc2 $2 24.
Qxb5 Nd5 (24... Qc4 $2 25. Qxc4 Bxc4 26. Nd7+ $18) 25. Qb8+ Ke7 26. Ba3 $18 {->
}) (23... Qbf5 $2 24. Qxb5 Nd5 25. Qb8+ Ke7 26. Ba3 $18) (23... Kg8 $2 24. Bg5
$1 (24. Qxb5 $2 Qbg6 $1 $19) 24... Qxf1+ (24... Qfg6 25. Rxb1 Qxb1+ 26. Kh2
hxg5 27. Nxe6 fxe6 28. Qxe6+ $18) 25. Qxf1 hxg5 26. Qxb5 Nd5 27. Qe8+ Kh7 28.
Ne4 $1 Qe7 29. Nexg5+ $1 Kg6 30. Qh8 Nf6 31. Nh4+ $1 Kxg5 32. Qxg7+ Kh5 (32...
Kf4 33. Ng6+ $18) (32... Kxh4 33. Qh6+ Nh5 34. g3+ Kxh3 35. Qxh5+ $18) 33. Nf3
$18) (23... Qa2 $6 24. Qxb5 Nd5 25. Qb8+ Ke7 26. Nb7 $1 {/\ Qd8} Kd7 $8 27. Re1
$40) (23... d3 24. Qe4 {/\ Qa8, Ba3} Qfa1 $1 $8 25. Re1 $3 Qxc1 (25... d2 $6
26. Bxd2 Qxe4 27. Rxa1 Qc4 28. Ne5 {/\} Qxc5 $2 29. Ra8+ Ke7 30. Bxb4 Qxb4 31.
Nc6+ $18) 26. Qxb4 d2 27. Nxe6+ Kg8 28. Qxd2 $1 (28. Qf8+ $2 Kh7 $19) 28...
Qxd2 29. Rxa1 {/\ Ra8} Qd5 $8 30. Nxc7 Qc6 31. Na6 Qd6 $10) 24. Ne5 $1 {/\ Ncd7
} (24. Qxb5 $2 Kg8 $1 $19) 24... Qgf5 $8 25. f4 $1 Qd8 $1 (25... Nd5 $4 26. g4
$18) (25... Kg8 26. Qxb5 Nd5 27. g4 $1 (27. Qe8+ $2 Kh7 28. Ncd7 Bxd7 29. Nxd7
Qe7 $19) 27... Qc2 (27... Qh4 28. gxf5 Qg3+ 29. Kh1 Qxh3+ 30. Kg1 $10) 28. Qb8+
$1 (28. Qe8+ $2 Kh7 29. Ncd7 Bxd7 30. Nxd7 Qe7 $19) 28... Kh7 29. Ncd7 Bxd7 30.
Nxd7 Qd6 31. Nf8+ Kg8 32. Ng6+ Kh7 $10) 26. Ba3 (26. Qxb5 Nd5 27. g4 Qc2 $17)
26... Bc4 $1 27. Qf2 Bxf1 28. Bxb4 Qd5 $1 29. Qxf1 Qc2 $17) (23. Bg5 $1 Qxf1+ (
23... Qff5 $2 24. Nbxd4 Qbd3 (24... Qbe4 25. Be7+ $1 Kg8 26. Qxe4 Qxe4 27. Re1
Qd3 28. Bxb4 $13) 25. Be7+ $1 $16 (25. Be7+ $1 Kg8 (25... Kxe7 {Ftacnik} 26.
Nxf5+ Qxf5 27. Nd4 $16) 26. Qxd3 Qxd3 27. Bxb4 Qc4 28. Bd2 c5 29. Rc1 $132)) (
23... Qfg6 $6 24. Qxb5 Qxf1+ (24... hxg5 $4 25. Qb8+ Ke7 26. Qxb4+ $18) (24...
Kg8 {Blatny,P} 25. Qb8+ (25. Rxb1 Qxb1+ 26. Kh2 Qxb3 27. Nxd4 Qc4 28. Qxc4 Bxc4
29. Bf4 $14) 25... Kh7 26. Rxb1 Qxb1+ 27. Kh2 (27. Nc1 hxg5 28. Nxg5+ Kg6 29.
Nxe6 Qxc1+ $17 {_|_}) 27... Na6 28. Qa7 Qxb3 29. Nxd4 Qc4 30. Nxe6 Qxe6 31. Be3
$17) (24... Qbf5 $2 25. Qb8+ Bc8 26. Nh4 Na6 27. Nxg6+ fxg6 28. Qa8 $18) 25.
Kxf1 Qd3+ $8 26. Qxd3 Nxd3 27. Nbxd4 hxg5 28. Nxe6+ fxe6 29. Nxg5 $10) 24. Qxf1
hxg5 25. Qxb5 Nd5 26. Nbxd4 $1 $10 (26. Qb8+ Ke7 27. Nbxd4 Bd7 $15)) 23... Qxb3
24. Qb8+ Ke7 25. Qxc7+ Ke8 26. Bd2 Qd8 (26... Nd5 $6 27. Qc6+ Kf8 (27... Bd7 $6
28. Re1+) 28. Qa8+ Ke7 29. Qa7+ $40) (26... Nd3 $1 27. Ra1 Qd5 $1 $19 {/\ Qfd8}
) 27. Qe5 Kf8 $6 (27... Nc6 28. Qxg7 Bxh3 $1 $19) 28. Nxd4 $2 (28. Qc5+ Kg8 (
28... Qe7 $2 29. Qxe7+ Kxe7 30. Nxd4 Qc4 31. Bxb4+ Kf6 32. Nxe6 Qxb4 33. Nc7
Qc4 34. Ne8+ Ke7 35. Re1+ $10) 29. Bxb4 Qc4 (29... d3 $5) 30. Rd1 Qxc5 31. Bxc5
d3 $19) 28... Nd3 $1 29. Qe3 Qc4 0-1

[Event "ARM-ch 72nd"]
[Site "Yerevan"]
[Date "2012.01.16"]
[Round "6"]
[White "Ter Sahakyan, Samvel"]
[Black "Grigoryan, Avetik"]
[Result "1/2-1/2"]
[WhiteElo "2569"]
[BlackElo "2621"]
[Annotator "Let's Check"]
[PlyCount "51"]
[EventDate "2012.01.11"]
[EventType "tourn"]
[EventRounds "11"]
[EventCountry "ARM"]
[EventCategory "13"]
[SourceTitle "CBM 147"]
[Source "ChessBase"]
[SourceDate "2012.03.16"]
[SourceVersion "1"]
[SourceVersionDate "2012.03.16"]
[SourceQuality "1"]

1. e4 e5 2. Nf3 Nc6 3. Bc4 Bc5 4. c3 Nf6 5. d3 d6 6. Bb3 h6 7. O-O O-O 8. Nbd2
Re8 9. Re1 Be6 10. Ba4 Bd7 11. Nf1 Ne7 12. d4 Bxa4 13. Qxa4 exd4 14. cxd4 Bb6
15. Ng3 Ng6 16. Bd2 c6 17. Re2 Qd7 18. Rae1 Re6 19. Qb3 Rae8 20. a4 Qc7 21. h3
Ba5 22. Bxa5 Qxa5 23. Qxb7 Qxa4 24. b3 Qa3 25. Re3 Qa2 $2 (25... Nf4 26. Qxc6
d5 $11) 26. Qxc6 $18 1/2-1/2

[Event "Tata Steel-B 74th"]
[Site "Wijk aan Zee"]
[Date "2012.01.24"]
[Round "9"]
[White "Vocaturo, Daniele"]
[Black "Ernst, Sipke"]
[Result "1-0"]
[WhiteElo "2545"]
[BlackElo "2606"]
[Annotator "Let's Check"]
[PlyCount "55"]
[EventDate "2012.01.14"]
[EventType "tourn"]
[EventRounds "13"]
[EventCountry "NED"]
[EventCategory "15"]
[SourceTitle "CBM 147"]
[Source "ChessBase"]
[SourceDate "2012.03.16"]
[SourceVersion "1"]
[SourceVersionDate "2012.03.16"]
[SourceQuality "1"]

1. e4 e5 2. Nf3 Nc6 3. Bc4 Nf6 4. d3 Bc5 5. c3 a6 6. Bb3 Ba7 7. h3 d6 8. Nbd2
O-O 9. Nf1 d5 10. Qe2 Qd6 11. Ng3 Be6 12. Bc2 b5 13. Nh4 d4 14. O-O dxc3 15.
bxc3 Qc5 16. Bg5 Nd7 17. Bb3 Qa3 18. Nhf5 g6 19. Bc1 Qa5 $2 (19... Qc5 20. Bh6
Rfe8 $16) 20. Bh6 $6 (20. Bd5 gxf5 21. Bh6 $18) 20... Rfd8 $2 (20... Bc5 $16)
21. Bd5 $18 Ndb8 22. Nh5 $1 Bxf5 23. exf5 Qxc3 24. fxg6 hxg6 25. Qf3 Kh7 26.
Qxf7+ Kxh6 27. Qg7+ Kxh5 28. Bf3+ 1-0

[Event "Brussels"]
[Site "Brussels"]
[Date "1987.04.20"]
[Round "8"]
[White "Ljubojevic, Ljubomir"]
[Black "Kortschnoj, Viktor Lvovich"]
[Result "1-0"]
[WhiteElo "2620"]
[BlackElo "2625"]
[Annotator "Ljubojevic,L"]
[PlyCount "105"]
[EventDate "1987.04.10"]
[EventType "tourn"]
[EventRounds "11"]
[EventCountry "BEL"]
[EventCategory "14"]
[SourceTitle "CBM 002"]
[Source "ChessBase"]
[SourceDate "1988.02.01"]
[SourceVersion "1"]
[SourceVersionDate "1988.02.01"]
[SourceQuality "1"]

1. e4 e5 2. Nf3 Nc6 3. Bc4 Bc5 4. c3 Nf6 5. b4 Bb6 6. d3 d6 7. a4 a5 (7... a6)
8. b5 Ne7 9. Nbd2 {[%cal Yd3d4,Gd2e4]} (9. Na3 $5) 9... Ng6 10. O-O O-O 11. Bb3
{[%cal Yd2c4]} d5 (11... Ba7 12. Nc4 (12. d4 $5) 12... d5 (12... c6 $142) 13.
Ncxe5 (13. exd5 Nxd5 14. Qc2) 13... dxe4 14. dxe4 Qxd1 15. Rxd1 Nxe5 16. Nxe5
Nxe4 17. Nxf7 Nxf2 18. Rd8 Ne4+ 19. Kf1 Bc5 $1 $11) (11... c6 12. bxc6 bxc6 13.
d4 $14) 12. Ba3 Re8 13. exd5 Nxd5 14. Ne4 $5 {[%cal Yc3c4,Yc4c5,Yf3g5,Yd1h5]}
Ndf4 (14... Ngf4 15. c4 Nb4 16. c5 Ba7 17. Bxb4 axb4 18. Nfg5 Re7 (18... Ne6 $2
19. Qh5) 19. g3 Nh3+ (19... Nd5 20. Qf3) 20. Nxh3 Bxh3 21. Re1 Bf5 22. Rc1 $16)
(14... h6 $1 {[%cal Gh6g5]} 15. Ra2 $5 Ndf4 16. Rd2 Be6 17. c4 $14) 15. Nfg5
Be6 (15... Ne6 16. Qh5 h6 17. Nxf7 Kxf7 18. Qf5+) 16. Nxe6 Nxe6 (16... fxe6 17.
g3 Qxd3 18. Qxd3 Nxd3 19. Rad1 Rad8 20. Bc4 $18 {[%csl Rd3]}) 17. g3 $16 Kh8
18. Qf3 f6 19. h4 $1 (19. Rad1 Qd7 20. h4 Ne7) 19... Ngf8 20. Rad1 Qd7 21. Rfe1
Rad8 22. Bc4 h6 23. Qh5 Nh7 24. Kh2 (24. Qf5 Nd4 25. Qxd7 Nf3+ 26. Kf1 Rxd7 27.
Re2 f5) (24. Kg2 $2 f5 25. Qxf5 $2 Nf4+) 24... Ba7 25. Rf1 Bb8 26. Nc5 {
[%csl Ga2,Gb3,Gc4,Gd5,Ge6,Gf7,Gg8]} Nxc5 27. Bxc5 b6 (27... Rc8 28. d4 e4 29.
Bf7 Red8 30. Bg6 $18 {[%csl Rc8,Rd7,Re4][%cal Yg6f5]}) 28. Ba3 c5 29. bxc6 Qxc6
30. Bb5 Qxc3 31. Bxe8 Qxa3 32. Bb5 Bd6 {[%cal Yd6c5]} 33. d4 $1 exd4 34. Rfe1
Be5 (34... Qa2 35. Re2) 35. f4 Bd6 36. Re8+ Rxe8 37. Qxe8+ Bf8 (37... Nf8 38.
Qf7 {[%cal Yb5c4]}) 38. f5 $1 (38. Qe6 f5 39. Bc4 Nf6) 38... Qf3 39. Qe6 $3 (
39. Rf1 Qd5 40. Qe6 Qxe6 41. fxe6 $18) 39... Qxd1 (39... Bd6 40. Qxd6 Qf2+ 41.
Kh3 Qxf5+ 42. g4 Qf3+ 43. Qg3 Qxd1 44. Qb8+ Nf8 45. Qxf8+ Kh7 46. Qa8 Qb3+ 47.
Kh2 f5 (47... Qe3 48. Qd5 Qf2+ 49. Kh3 Qe3+ 50. Kg2 Qd2+ 51. Kg3 Qe1+ 52. Kf4
$18) 48. gxf5 Qc2+ 49. Qg2 d3 50. f6) 40. Bc4 Qc2+ 41. Kh3 Qxc4 42. Qxc4 Bc5
43. Kg4 Nf8 {[%cal Yf8d7,Yd7e5] Kortschnoj möchte eine Festung bilden.} 44. Qd5
$1 Kh7 45. Kf3 Kh8 46. Ke4 Kh7 47. Kd3 Kh8 48. Kc4 Kh7 49. Kb5 Kh8 50. Kc6 Kh7
51. Kc7 h5 52. Kd8 Kh6 53. Ke8 (53. Ke8 Kh7 54. Kf7 Kh6 55. Kg8 {[%csl Rg7]
[%cal Yd5f7]}) 1-0